Świadczenia w pieprzu i szafranie w państwie krzyżackim w XIV - XV w.

Titel: Świadczenia w pieprzu i szafranie w państwie krzyżackim w XIV - XV w.
Verfasser:
In: Uniwersytet Gdański. Wydział Humanistyczny: Zeszyty naukowe Wydziału Humanistycznego. Historia, Band 14 (1984), Seite 19-36
alle Artikel anzeigen
Veröffentlicht: 1984 [1985]
Format: Aufsatz
Sprache: Polnisch
Kein Bild verfügbar
X
alg: 39192654
001A    $01999:11-11-16 
001B    $01999:26-04-21 $t20:13:09.000 
001C    $06050:19-11-16 $t09:21:02.000 
001D    $01999:11-11-16 
001U    $0utf8 
001X    $00 
002@    $0Aox 
003@    $0391926543 
007A    $0391926543 $aHEB 
007T    $0Herd19420 
010@    $apol 
011@    $a1984 $n1984 [1985] 
021A    $aŚwiadczenia w pieprzu i szafranie w państwie krzyżackim w XIV - XV w. 
028A    $aDługokęcki $dWiesław 
031A    $d14 $h19-36 $j1984 
037A    $aengl. Res. 35-36: Benefits in pepper and saffran in the Teutonic Knights State in the XIVth and XVth centuries; russ. Res. 36 
039B    $aIn $8--Abvc--Uniwersytet Gdański$bWydział Humanistyczny [Tb1]. Zeszyty naukowe Wydziału Humanistycznego. Historia. - Gdańsk, 1971-. - ISSN 0137-5814 $x198400000140000981 $9048036641 
045F    $a330.094382 $eDDC23BSB 
045F/01 $a330.09 
045F/03 $g4382 
045F/03 $g43832 
045T    $a7,41 $a8 

lok: 39192654 78

exp: 39192654 78 1 #EPN
201B/01 $019-04-17 $t10:54:10.000 
201U/01 $0utf8 
203@/01 $0788022377 
208@/01 $a11-11-16 $be 
209A/01 $a/ $f000 $x00 
220C/01 $aTitelaufnehmer: kl 
244Z/01 $2Trx $#Prusy Wschodnie i Zachodnie $8--Trx--Ost- und Westpreußen $x01 $939113373X 
244Z/01 $aGeschichte 1300-1500 $x02 
244Z/01 $2Trx $#ordud Saksa Ordu $#ordinas kryžiuočių $#order Teutonic Knights $#rendek Német Lovagrend $#zakony, krzyżacy $#rád, nemeckí rytieri $#řád, němečtí rytíři $#Deutscher Orden $#Ritterorden $#zakon krzyżacki $#zakon niemiecki $#nemeckí rytieri $8--Trx--Orden$gDeutscher Orden $x03 $9391363204 
244Z/01 $2Trx $#kaubavahetus maitseained $#prekyba prieskoniai $#trade spices $#kereskedelem füszerek $#handel, przyprawy $#obchod koreniny $#obchod kořeniny $8--Trx--Handel$gGewürze $x04 $939136913X 
244Z/01 $2Trx $#maksud ja väljamaksed $#mokesčiai ir duoklės $#taxes $#adók $#podatki i daniny $#dane a poplatky $#daně a poplatky $#Abgaben $#daniny $#poplatky $#poplatky $8--Trx--Steuern und Abgaben $x05 $9391375865 
244Z/01 $2Trx $8--Trx--Zeitschriftenaufsatz $x06 $9391384341 
245Z/01 $a09.07 $x01 
247C/01 $82080>Marburg/Lahn, Herder-Institut, Forschungsbibliothek, Bibliographieportal $9336309341
LEADER 00000caa a22000002c 4500
001 391926543
003 DE-603
005 20210426201309.0
007 tu
008 161111s1984 xx |||| | u00||u|pol c
035 |a (DE-599)HEB391926543 
040 |a DE-603  |b ger  |c DE-603  |d DE-603 
041 |a pol 
082 0 4 |8 1\u  |a 330.094382  |q DE-101  |2 23/BSB 
084 |a 7,41  |a 8  |2 ssgn 
085 |8 1\u  |b 330.09 
085 |8 1\u  |z 2  |s 4382 
085 |8 1\u  |z 2  |s 43832 
100 1 |a Długokęcki, Wiesław 
245 0 0 |a Świadczenia w pieprzu i szafranie w państwie krzyżackim w XIV - XV w. 
264 0 |c 1984 [1985] 
500 |a engl. Res. 35-36: Benefits in pepper and saffran in the Teutonic Knights State in the XIVth and XVth centuries; russ. Res. 36 
773 0 8 |i In  |a Uniwersytet Gdański. Wydział Humanistyczny  |t Zeszyty naukowe Wydziału Humanistycznego. Historia  |d Gdańsk, 1971-  |x 0137-5814  |g Band 14 (1984), Seite 19-36  |w (DE-603)048036641  |w (DE-600)764542-9 
924 0 |9 2080  |a (DE-603)788022377  |b DE-2080  |c HES  |d d  |g /